Venezuelas's Oil Reform and Chavismo /
Uloženo v:
| Hlavní autor: | |
|---|---|
| Další autoři: | |
| Médium: | Text |
| Témata: | |
| Tagy: |
Přidat tag
Žádné tagy, Buďte první, kdo vytvoří štítek k tomuto záznamu!
|
MARC
| LEADER | 00000 a a2200000 04500 | ||
|---|---|---|---|
| 001 | 9961 | ||
| 003 | |||
| 040 | |||
| 100 | |a Lander, Luis | ||
| 245 | |a Venezuelas's Oil Reform and Chavismo / |c Luis Lander | ||
| 650 | |a PETROLEO | ||
| 650 | |a POLITICA ENERGETICA | ||
| 650 | |a NACIONALIZACION | ||
| 650 | |a OPEP | ||
| 700 | |a López - Maya, Margarita | ||
| 773 | |g volumen 36, número 1; páginas 21-23 | ||
| 999 | |c 26584 |d 26584 | ||
